[Event "AUTO-INT-3967"]
[Site "http://www.queenalice.com/game.php?id=1872656"]
[Date "2026.4.29"]
[Round "1"]
[White "EduardoRo"]
[Black "Ruusgugg"]
[Result "1-0"]
[WhiteElo "1693"]
[BlackElo "1434"]

1. e4 h5 2. d4 e6 3. Nf3 f6 4. Bc4 g5 5. O-O g4 6. Nfd2 a5 7. c3 c5 8. d5 e5 9.
Qe2 d6 10. Na3 f5 11. Nb5 f4 12. f3 gxf3 13. Qxf3 Bg4 14. Qf2 h4 15. Nf3 h3 16.
g3 fxg3 17. Qxg3 Nf6 18. Bg5 Bd7 19. Bxf6 Qxf6 20. a4 Rh7 21. Kh1 Qe7 22. Ng5
Rg7 23. Rxf8+ Kxf8 24. Rf1+ Kg8 25. Nc7 Rxg5 26. Qh4 Qg7 27. Be2 Rg2 28. Bf3 c4
29. Ne6 Qg6 30. Qxh3 1-0

[Event "AUTO-INT-3968"]
[Site "http://www.queenalice.com/game.php?id=1872936"]
[Date "2026.5.5"]
[Round "1"]
[White "juim"]
[Black "Ruusgugg"]
[Result "1-0"]
[WhiteElo "1557"]
[BlackElo "1416"]

1. e4 b6 2. d3 Bb7 3. Bf4 d5 4. exd5 Bxd5 5. Nc3 c5 6. Nxd5 Nc6 7. Nc7+ Kd7 8.
Nxa8 Qxa8 9. g3 e5 10. Be3 Nd4 11. Qd2 Nf3+ 12. Nxf3 Qxf3 13. Rg1 Qh5 14. h4 Bd6
15. Be2 Qf5 16. O-O-O Ne7 17. f4 Qe6 18. h5 Qxa2 19. c3 Rb8 20. Qc2 b5 21. Kd2
Qe6 22. fxe5 Qxe5 23. Bg4+ Kd8 24. Bf4 Qd5 25. Bxd6 Qxd6 26. b4 c4 27. d4 f6 28.
Qxh7 f5 29. Bxf5 Qf6 30. Rgf1 Qg5+ 31. Kc2 Qxg3 32. Be6 Qg2+ 33. Kb1 Rb6 34.
Rf8+ Kc7 35. Rf7 Kd6 36. Re1 Ra6 37. Qc2 Qg3 38. Bxc4 Qxe1+ 39. Qc1 Qg3 40. Bxb5
Rb6 41. Bc4 Rc6 42. Qf1 Rb6 43. Qf4+ Qxf4 44. Rxf4 Rc6 45. d5 Rb6 46. Rf7 Nxd5
47. Bxd5 Kxd5 48. Rxg7 Rh6 49. Rxa7 Rxh5 50. Ra5+ 1-0

[Event "AUTO-INT-3968"]
[Site "http://www.queenalice.com/game.php?id=1872937"]
[Date "2026.5.5"]
[Round "1"]
[White "Ruusgugg"]
[Black "juim"]
[Result "0-1"]
[WhiteElo "1460"]
[BlackElo "1521"]

1. f4 d5 2. h3 e6 3. g4 b6 4. g5 Bc5 5. Rh2 Bxg1 6. Rg2 Bc5 7. h4 Ne7 8. d4 Bd6
9. h5 Nf5 10. Nc3 Bb4 11. a3 Bxc3+ 12. bxc3 Qd6 13. Bb2 O-O 14. a4 Qxf4 15. Ba3
Re8 16. Bc1 Qh4+ 17. Rf2 Qxh5 18. Qd3 f6 19. Rg2 fxg5 20. Rxg5 Qh4+ 21. Kd1 a5
22. Qb5 Re7 23. c4 Qxd4+ 24. Bd2 Qxa1+ 25. Bc1 Ba6 26. Qb3 dxc4 27. Qf3 c6 28.
e4 Nd4 29. Qf2 c5 30. Qg2 Bb7 31. Rg4 e5 32. Bxc4+ Kf8 33. Qf2+ Ke8 34. Qg2 Nd7
35. Qh2 g6 36. c3 Qxc3 37. Rg2 Qxc4 38. Bg5 Qb3+ 39. Ke1 Nf3+ 0-1

[Event "AUTO-INT-3968"]
[Site "http://www.queenalice.com/game.php?id=1872955"]
[Date "2026.5.5"]
[Round "1"]
[White "renet54"]
[Black "Ruusgugg"]
[Result "0-1"]
[WhiteElo "1519"]
[BlackElo "1455"]

1. d4 b6 2. Bf4 d6 3. Nf3 Bb7 4. e3 Be4 5. Nc3 Bc6 6. Be2 a6 7. O-O b5 8. d5 Bb7
9. b4 e5 10. Bxe5 dxe5 11. Nxe5 Qf6 12. f4 Bxb4 13. Ne4 Qe7 14. Ng5 Nh6 15.
Ngxf7 Nxf7 16. Nxf7 Qxf7 17. Bf3 O-O 18. Qd4 a5 19. d6 Bxf3 20. Rxf3 Bxd6 21.
Rg3 g6 22. Rd1 Nc6 23. Qe4 Ne7 24. Rg5 Ra6 25. Rxb5 Nf5 26. Qd3 Nh4 27. g3 Nf5
28. e4 Ne7 29. Rf1 c6 30. Qxd6 Nc8 31. Qd3 cxb5 32. Qxb5 Rd6 33. e5 Rd5 34. Qe2
Qa7+ 35. Kh1 Rf5 36. Qc4 Qb7 37. Re1 Nb6 38. Qe4 Qc6 39. e6 Kf8 40. e7+ Ke8 41.
h4 Nc4 42. c3 Nd2 43. Qe3 Rde5+ 44. Kh2 Rxe3 45. Rxe3 Nf1+ 0-1

[Event "AUTO-INT-3968"]
[Site "http://www.queenalice.com/game.php?id=1872956"]
[Date "2026.5.5"]
[Round "1"]
[White "Ruusgugg"]
[Black "Rocio"]
[Result "1-0"]
[WhiteElo "1428"]
[BlackElo "1397"]

1. f4 e6 2. b3 Bc5 3. Nf3 h6 4. Bb2 Nc6 5. Bxg7 Rh7 6. Bc3 a6 7. Ne5 Nce7 8. b4
Bd6 9. e3 Nf5 10. Bd3 Qh4+ 11. Kf1 Nf6 12. Nf3 Ng4 13. Nxh4 Nxh4 14. Qxg4 Be7
15. Bxh7 d5 16. Qg8+ Kd7 17. Qxf7 b5 18. Bf6 c6 19. Qxe7# 1-0

[Event "AUTO-INT-3968"]
[Site "http://www.queenalice.com/game.php?id=1872957"]
[Date "2026.5.5"]
[Round "1"]
[White "Rocio"]
[Black "Ruusgugg"]
[Result "1-0"]
[WhiteElo "1382"]
[BlackElo "1439"]

1. e4 b6 2. Bb5 a6 3. Bc4 Bb7 4. Nc3 b5 5. Nf3 bxc4 6. a3 e6 7. Ne5 Qf6 8. Nxc4
Bc5 9. f3 Qh4+ 10. g3 d5 11. gxh4 Nf6 12. Ne5 d4 13. Na4 Bd6 14. d3 O-O 15. Bg5
Ne8 16. f4 f6 17. Bh6 gxh6 18. Rg1+ Ng7 19. Ng4 f5 20. exf5 Re8 21. Nxh6+ Kf8
22. f6 Nf5 23. Rg8# 1-0

[Event "AUTO-INT-3969"]
[Site "http://www.queenalice.com/game.php?id=1873557"]
[Date "2026.5.19"]
[Round "1"]
[White "Ruusgugg"]
[Black "bdpq"]
[Result "0-1"]
[WhiteElo "1406"]
[BlackElo "1644"]

1. c4 d5 2. cxd5 Qxd5 3. Nc3 Qd8 4. e4 e6 5. d4 Bb4 6. Qf3 Nf6 7. e5 Nd5 8. h4
O-O 9. a3 Ba5 10. b4 Bb6 11. Nxd5 exd5 12. h5 Bxd4 13. Rb1 Bxe5 14. Bd3 Nc6 15.
Bb2 Bxb2 16. Rxb2 h6 17. Re2 Nd4 18. Qf4 Nxe2 19. Nxe2 Be6 20. g4 a5 21. b5 Qd7
22. f3 Qe7 23. O-O c5 24. Qe5 Rfe8 25. Qb2 c4 26. Bb1 Qh4 27. Rf2 Rf8 28. Qd2
Rfe8 29. Nf4 Qg5 30. Qd4 f5 31. Nxe6 Rxe6 32. Rg2 Re1+ 33. Kh2 Qh4# 0-1

[Event "AUTO-INT-3969"]
[Site "http://www.queenalice.com/game.php?id=1873558"]
[Date "2026.5.19"]
[Round "1"]
[White "bdpq"]
[Black "Ruusgugg"]
[Result "1-0"]
[WhiteElo "1660"]
[BlackElo "1446"]

1. e4 g5 2. d3 e6 3. Qg4 Nh6 4. Qf3 Bc5 5. Nc3 O-O 6. Qg3 f5 7. Bxg5 Qe8 8. Be7+
Ng4 9. Bxf8 Qxf8 10. Qxc7 fxe4 11. O-O-O Nxf2 12. Nxe4 Nxh1 13. Nxc5 b6 14. Na4
Nf2 15. Re1 Na6 16. Qg3+ Kh8 17. Nf3 Qb4 18. Nc3 Nc5 19. a3 Qb5 20. Nxb5 1-0

[Event "AUTO-INT-3969"]
[Site "http://www.queenalice.com/game.php?id=1873559"]
[Date "2026.5.19"]
[Round "1"]
[White "Ruusgugg"]
[Black "game"]
[Result "0-1"]
[WhiteElo "1474"]
[BlackElo "1635"]

1. c4 c5 2. Nc3 d6 3. e4 e5 4. Nd5 Nf6 5. Nxf6+ Qxf6 6. h3 g5 7. Ne2 Be6 8. b3
d5 9. d3 Nc6 10. cxd5 Bxd5 11. exd5 Nd4 12. Nxd4 cxd4 13. Bd2 Bg7 14. Bb4 a5 15.
Bd2 Qf5 16. g4 Qf6 17. Qc2 O-O 18. Qc7 Qf3 19. Rg1 f5 20. Rg3 Qh1 21. gxf5 Rxf5
22. O-O-O Rxf2 23. Rxg5 Rf7 24. Qd6 Raf8 25. Rg4 Rxf1 26. Qe6+ R8f7 27. Bh6
Rxd1+ 28. Kb2 Qh2+ 29. Ka3 Rg1 30. Qc8+ Rf8 31. Rxg7+ Rxg7 32. Qe6+ Rff7 33. Bc1
Qc2 34. Bh6 Qc5+ 35. Ka4 Rg6 36. Qe8+ Rf8 37. Qxe5 Qb4# 0-1

[Event "AUTO-INT-3969"]
[Site "http://www.queenalice.com/game.php?id=1873561"]
[Date "2026.5.19"]
[Round "1"]
[White "Ruusgugg"]
[Black "juim"]
[Result "0-1"]
[WhiteElo "1427"]
[BlackElo "1546"]

1. c4 d5 2. c5 c6 3. b4 e6 4. Nf3 Be7 5. e3 Nf6 6. Bb2 O-O 7. Ne5 Ne4 8. Qg4 f6
9. Nd3 e5 10. Qd1 Na6 11. f3 Ng5 12. h4 Ne6 13. h5 Ng5 14. f4 exf4 15. exf4 Ne4
16. h6 g6 17. g4 Ng3 18. Rh4 f5 19. Rh3 Nxf1 20. Kxf1 Bd7 21. gxf5 Bxf5 22. Qc2
Bf6 23. Ne5 Bxe5 24. Bxe5 Bxc2 25. Nc3 Qg5 26. Re1 Bd3+ 27. Rxd3 Qxh6 28. Ree3
Qh1+ 29. Ke2 Nxb4 30. Rh3 Qg2+ 31. Ke3 Nc2# 0-1

[Event "AUTO-INT-3969"]
[Site "http://www.queenalice.com/game.php?id=1873562"]
[Date "2026.5.19"]
[Round "1"]
[White "juim"]
[Black "Ruusgugg"]
[Result "0-1"]
[WhiteElo "1542"]
[BlackElo "1435"]

1. e4 g5 2. d3 e6 3. Nf3 h6 4. Ne5 Qf6 5. Be2 Qxe5 6. O-O h5 7. Bxh5 Nf6 8. f4
Qd4+ 9. Kh1 Rxh5 10. fxg5 Rh4 11. gxf6 Bd6 12. h3 Nc6 13. Nc3 Qe5 14. Be3 Qh2#
0-1